Sports Quiz

Random Sports or City Quiz

Last 20 host cities of the summer olympics Quiz Stats

 Plays Quiz not verified by Sporcle

Challenge
Share
Tweet
Embed
Score 0/20 Timer 10:00
0 Plays Today
% Correct
Sydney
100%
Atlanta
100%
London
98.3%
London
98.3%
Beijing
96.6%
Athens
96.6%
Los Angeles
94.9%
Moscow
94.9%
Los Angeles
94.9%
Barcelona
93.2%
% Correct
Rome
93.2%
Montreal
91.5%
Munich
91.5%
Tokyo
91.5%
Mexico City
89.8%
Seoul
88.1%
Berlin
83.1%
Helsinki
71.2%
Amsterdam
71.2%
Melbourne and Stockholm
1.7%

You're not logged in!

Compare scores with friends on all Sporcle quizzes.
OR
Log In

You Might Also Like...

Show Comments

Extras

Created Dec 4, 2012ReportNominate
Tags:City Quiz, host, last, summer

Top Quizzes Today


Score Distribution

Your Account Isn't Verified!

In order to create a playlist on Sporcle, you need to verify the email address you used during registration. Go to your Sporcle Settings to finish the process.

Report this User

Report this user for behavior that violates our Community Guidelines.

Details: